Hadestown #3 - Come Home with Me - Lyrics - Statistics

General Stats
  • This quiz has been taken 71 times
  • The average score is 182 of 195
Answer Stats
Character What they sing % Correct
come
100%
Eurydice | Orpheus Come
100%
home
100%
Orpheus I
100%
me
100%
or
100%
Orpheus?
100%
Orpheus
100%
with
100%
a
98%
Eurydice A
98%
always
98%
and
98%
And
98%
any
98%
are
98%
are?
98%
Eurydice Who
98%
Hermes Don't
98%
Eurydice
98%
Hermes Go
98%
gonna
98%
he
98%
Hermes He's
98%
he's
98%
I'm
98%
Eurydice Is
98%
is
98%
It
98%
it
98%
like
98%
man
98%
marry
98%
melody
98%
men
98%
name
98%
no
98%
not
98%
Eurydice | Orpheus Oh,
98%
on
98%
play
98%
seen
98%
sing
98%
singer,
98%
so
98%
song
98%
Spring
98%
spring
98%
strong
98%
that
98%
Orpheus The
98%
the
98%
this?
98%
to
98%
too
98%
too!
98%
what
98%
What
98%
when
98%
Eurydice When?
98%
When
98%
who's
98%
workin'
98%
Orpheus Yes!
98%
Orpheus Yes?
98%
Hermes Yes
98%
Hermes You
98%
you?
98%
you
98%
Orpheus Your
98%
again
96%
again?
96%
also
96%
can't
96%
fall
96%
haven't
96%
her?
96%
her
96%
I've
96%
liar
96%
lyre
96%
many
96%
met
96%
player
96%
recall
96%
since...
96%
will
96%
you've
96%
talk
94%
Orpheus That's
94%
it's
92%
wanna
92%
you're
92%
But
90%
crazy...
90%
done
90%
finished
90%
isn't
90%
Tell
90%
yet
90%
beautiful
87%
make
87%
my
83%
Why
83%
back
81%
Back
81%
feel
81%
fix
81%
what's
81%
would
81%
alive
79%
Eurydice Alive?
79%
because
79%
become
79%
else
79%
got?
79%
lot
79%
wife
79%
wife?
79%
worth
79%
brings
77%
he'll
77%
his
77%
into
77%
world
77%
wrong
77%
broken,
75%
whole
73%
flowers
71%
time
71%
all
69%
bloom
69%
tune
69%
Hermes Maybe
65%
Take
63%
ya
54%
No matching quizzes found
Score Distribution
Percent of People with Each Score
Percentile by Number Answered
Your Score History
You have not taken this quiz